مكتبة جامعة عجلون الوطنية

فهرس بحث المكتبة

Normal view MARC view
  • اعداد علي محمد احمد فريحات؛ إشراف احمد يوسف قواسمة

Entry Personal Name

Number of records used in: 1

001 - CONTROL NUMBER

  • control field: 56610

003 - CONTROL NUMBER IDENTIFIER

  • control field: JO-AjAnu

005 - DATE AND TIME OF LATEST TRANSACTION

  • control field: 20230606083257.0

008 - FIXED-LENGTH DATA ELEMENTS

  • fixed length control field: 230606|| aca||aabn | a|a d

040 ## - CATALOGING SOURCE

  • Original cataloging agency: JO-AjAnu
  • Transcribing agency: JO-AjAnu

100 ## - HEADING--PERSONAL NAME

  • Personal name: اعداد علي محمد احمد فريحات؛ إشراف احمد يوسف قواسمة

670 ## - SOURCE DATA FOUND

  • Source citation: Work cat.: (JO-AjAnu)28886: اعداد علي محمد احمد فريحات؛ إشراف احمد يوسف قواسمة, author, أثر عدد فئات تدريج الاستجابة لمقياس سمة القلق في خصائصه السيكومتري = The Effect of the Number of Response Categories of A Trait Anxiety Scale on the Psychometric Properties